Sharḥ asmāʼ Allāh al-ḥusná lil-Rāzī : wa-huwa al-kitāb al-musammá, Lawāmiʻ al-bayyināt sharḥ asmāʼ Allāh taʻālá wa-al-ṣifāt /

محفوظ في:

المؤلف الرئيسي: Rāzī, Fakhr al-Dīn Muḥammad ibn ʻUmar, 1149 or 1150-1210 (مؤلف)

مؤلفون آخرون: Saʻd, Ṭāhā ʻAbd al-Raʼūf.

التنسيق: كتاب

اللغة: Arabic

سلاسل: Min turāth al-Rāzī ; 1.

الموضوعات:

الوسوم: إضافة وسم

لا توجد وسوم, كن أول من يضع وسما على هذه التسجيلة!

رقم الطلب: BP166.2 .R39 1976

LEADER 02465nam a2200277Ia 4500
003 OSt
005 20230125081943.0
008 130303s1976 ua g 000 0 ara d
952 |0 0  |1 0  |2 lcc  |4 0  |6 BP01662 R39 01976  |7 1  |9 45383  |a ARCE  |b ARCE  |d 2023-01-25  |l 0  |o BP166.2 .R39 1976  |p 1029894  |r 2023-01-25 00:00:00  |w 2023-01-25  |y BK 
999 |c 30305  |d 30305 
020 |a 9777196008 
040 |c ARCE Library 
050 4 |a BP166.2 .R39 1976 
100 1 |6 880-01  |a Rāzī, Fakhr al-Dīn Muḥammad ibn ʻUmar,  |d 1149 or 1150-1210,  |e author 
245 1 0 |6 880-02  |a Sharḥ asmāʼ Allāh al-ḥusná lil-Rāzī :   |b wa-huwa al-kitāb al-musammá, Lawāmiʻ al-bayyināt sharḥ asmāʼ Allāh taʻālá wa-al-ṣifāt /   |c Li-Fakhr al-Dīn Muḥammad bin ʻUmar al-Khaṭīb al-Rāzī ; rājaʻahu wa-qaddama lahu wa-ʻallaqa ʻalayhi Ṭāhā ʻAbd al-Raʼūf Saʻd. 
264 1 |a al-Qāhirah :   |b Maktabat al-Kullīyāt al-Azharīyah,   |c 1396, 1976. 
300 |a 368 pages ;  |c 24 cm. 
490 1 |a Min turāth al-Rāzī ;   |v 1. 
650 0 |a God (Islam)  |x Attributes. 
650 0 |a God (Islam)  |x Name. 
700 1 |a Saʻd, Ṭāhā ʻAbd al-Raʼūf. 
830 0 |a Min turāth al-Rāzī ;   |v 1. 
880 1 |6 100-01/(3/r  |a رازي، فخر الدين محمد بن عمر،‪‪‪‪‪‪‪‪‪‪‪‪‪‪‪‪‪‪‪‪‪‪‪‪‪‪‪‪‪‪‪‪‪‪‪‪‪‪‪‪‪‪,‪‪‪‪‪‪‪‪‪‪‪‪‪‪‪‪‪‪‪‪‪‪‪‪‪‪‪‪‪‪‪‪‪‪‪‪‪‪‪‪‪‪‪‪‪‪‪‪  |d 1149 أو 1150-1210.‪‪‪‪‪‪‪‪‪‪‪‪‪‪‪‪‪‪‪‪‪‪‪‪‪‪‪‪‪‪‪‪‪‪‪‪‪‪‪‪‪‪‪‪‪‪‪‪‪‪‪‪‪‪‪‪‪‪‪‪‪‪‪‪‪‪‪‪‪‪‪‪‪‪‪‪‪‪‪‪‪‪‪‪‪‪‪‪‪‪ 
880 1 0 |6 245-02/(3/r  |a شرح أسماء الله الحسنى للرازي :   |b و هو الكتاب المسمى لوامع البينات شرح أسماء الله تعالى و الصفات  |c لفخر الدين محمد بن عمر الخطيب الرازي ؛ راجعه و قدم له و علق عليه طه عبد الرؤوف سعد.‪‪‪‪‪‪‪‪‪‪‪‪‪‪‪‪‪‪‪‪‪‪‪‪‪‪‪‪‪‪‪‪‪‪‪‪‪‪‪‪‪‪‪‪‪‪‪‪‪‪‪‪‪‪‪‪‪‪‪‪‪‪‪‪‪‪‪‪‪‪‪‪‪‪‪‪‪‪‪‪‪‪‪‪‪‪‪‪‪‪ 
901 |a reviewed 
942 |c BK  |2 lcc